Marketingové aktivity orientované na podporu cestovného ruchu v regióne Zemplín diplomová práca

Salvato in:
Dettagli Bibliografici
Autore principale: Furdová, Michaela
Ente Autore: Podnikovohospodárska fakulta EU so sídlom v Košiciach. Katedra marketingu a obchodu
Altri autori: Jurková, Nadežda
Natura: Libro
Lingua:slovacco
Pubblicazione: Košice 2009
Tags: Aggiungi Tag
Nessun Tag, puoi essere il primo ad aggiungerne!!

MARC

LEADER 00000nam$a2200000$$$4500
001 0099188
005 20240319131756.0
041 0 |a slo 
044 |a SK 
245 1 0 |a Marketingové aktivity orientované na podporu cestovného ruchu v regióne Zemplín  |b diplomová práca  |c Michaela Furdová ; škol. Nadežda Jurková 
264 1 |a Košice  |c 2009 
300 |a 96 s. 
100 1 |a Furdová, Michaela 
700 1 |a Jurková, Nadežda 
710 2 |a Podnikovohospodárska fakulta EU so sídlom v Košiciach. Katedra marketingu a obchodu